01242nam a2200313Ia 4500001001200000003000800012006001900020007001500039008004100054010001700095020001500112020002200127040002100149035002000170050002400190082001600214100002500230245013500255260005200390300002400442504006600466533015200532650002100684650003400705655002900739710001700768856012600785999001700911ebr10076701CaPaEBRm u cr cn|||||||||020920s2002 enka sb 001 0 eng d z 2001135911 z076196682X z0761966838 (PBK.) aCaPaEBRcCaPaEBR a(OCoLC)7077407614aHD30.4b.G68 2002eb04a300.7232211 aGoulding, Christina.10aGrounded theoryh[electronic resource] :ba practical guide for management, business and market researchers /cChristina Goulding. aLondon ;aThousand Oaks, Calif. :bSAGE,c2002. avii, 186 p. :bill. aIncludes bibliographical references (p. [171]-181) and index. aElectronic reproduction.bPalo Alto, Calif. :cebrary,d2009.nAvailable via World Wide Web.nAccess may be limited to ebrary affiliated libraries. 0aGrounded theory. 0aSocial sciencesxMethodology. 7aElectronic books.2local2 aebrary, Inc.40uhttp://site.ebrary.com/lib/rucke/Doc?id=10076701zAn electronic book accessible through the World Wide Web; click to view c72938d72938